000 00893nam a2200301Ia 4500
001 Z_486
003 CHAP
008 220113s1978 xx 000 0 und d
010 _a163463
040 _cCHAP
090 _aTesis L 71
100 _aLimón León, Federico Andrés
_966861
245 _aEstudio de la situación lechera en la región norte de los Altos de Jalisco /
_cpor Federico Andrés, Limón León
260 _aChapingo, Méx. :
_bEl autor,
_c1978
300 _a94 h.
440 _a
502 _aTesis (Ing. Agrónomo Esp. en Zootecnia) -- ENA. Departamento de Zootecnia
503 _a
650 _aGanado lechero I. ENA. Departamento de Zootecnia II. t.
_9137650
650 _aJalisco
_xGanado lechero
_9137651
650 _aLeche
_xProducción
_965400
901 _aTesis L 71
902 _aA
910 _a1978
942 _c2
942 _c2
999 _c163463
_d163463